000 00820nam a22002177a 4500
003 BUBTL
008 220118b ||||| |||| 00| 0 eng d
020 _a9844830155
082 _a891.443/ N186n/ 1993
100 _94486
_aনাসরিন, তসলিমা
245 _aনিমন্ত্রন /
_cতসলিমা নাসরিন
250 _a1st Edn.
260 _aঢাকা:
_bদিব্য প্রকাশ,
_cc1993
300 _a64 p.:
_c22 cm.
505 _aনিমন্ত্রন, তসলিমা নাসরিন, বাংলা সাহিত্য, Bengali Literature
650 0 _91687
_aবাংলা সাহিত্য
650 0 _92152
_aBengali Literature
856 _k0
_l0
_yDownload
942 _2ddc
_cBK
999 _c6637
_d6637